000 00728nam a2200217 a 4500
003 DO-SdBNP
005 20220624120657.0
007 ta
008 220617e2021 dr a|||gr|||| 00| 0 spa d
020 _a9789945099386
040 _aDO-SdBNP
_bspa
_cBNPHU
082 4 _222
_bH558a
245 1 0 _a"Aprendo a leer y escribir con tía Estrellita":
_balfabetización inicial. /
_cFrancisca Michelle Hernández Estrella
260 _aSanto Domingo :
_bSoto Castillo,
_c2021
300 _a114, [3] p. :
_bil., ;
_c28 cm.
590 _aInventariado 2022 / MF
650 4 _973162
_aEducación Inicial
_xRepública Dominicana
650 4 _959025
_aAlfabetizacíon (educación)
_zRepública Dominicana
910 _aMFeliz
942 _2ddc
_cLBS1
999 _c52062
_d52062